View of child characters in tagore' /s short stories (Record no. 41068)

MARC details
000 -LEADER
fixed length control field 00671nam a22001937a 4500
005 - DATE AND TIME OF LATEST TRANSACTION
control field 20100811145439.0
010 ## - LCCN (DPL NO)
LC control number ENG-99649
020 ## - INTERNATIONAL STANDARD BOOK NUMBER
International Standard Book Number 9789380173993
Terms of availability 60.00
035 ## - SYSTEM CONTROL NUMBER
System control number EN-83181
037 ## - SOURCE OF ACQUISITION
Source of stock number/acquisition DBAD/PUB
082 ## - DEWEY DECIMAL CLASSIFICATION NUMBER
Classification number 883
245 ## - TITLE STATEMENT
Title View of child characters in tagore' /s short stories
Statement of responsibility, etc edted by S. Rajeswari
260 ## - PUBLICATION, DISTRIBUTION, ETC. (IMPRINT)
Place of publication, distribution, etc Koradacherry
Name of publisher, distributor, etc Aruma Publication
Date of publication, distribution, etc 2009
270 ## - ADDRESS
Address Reg. No.: 48/2008 35, Gandhi Colony,
City Koradacherry
Postal code 613703
300 ## - PHYSICAL DESCRIPTION
Extent 96p.
Dimensions 20cm (pbk)
700 ## - ADDED ENTRY--PERSONAL NAME
Personal name Rajeswari, S.
9 (RLIN) 11139
942 ## - ADDED ENTRY ELEMENTS (KOHA)
Source of classification or shelving scheme Dewey Decimal Classification
Item type English Books
Classification part 883
Call number suffix VIE
Holdings
Withdrawn status Lost status Not for loan Collection code Home library Current library Date acquired Source of acquisition Cost, normal purchase price Full call number Barcode Copy number Cost, replacement price Koha item type
    Not For Loan Non-fiction D.B.Act.Division D.B.Act.Division 11/08/2010 DBAD/PUB 60.00 883 VIE EN-83181 1 60.00 English Books

© Delhi Public Library
Hit Counter
free hit counter